[Event "Challenge"]
[Site "http://www.queenalice.com/game.php?id=815091"]
[Date "2010.8.8"]
[Round "-"]
[White "rafa_sax88"]
[Black "JairovJR"]
[Result "0-1"]
[WhiteElo "831"]
[BlackElo "1674"]

1. e4 c5 2. d4 cxd4 3. Qxd4 Nc6 4. Qd1 Nf6 5. Nc3 e6 6. Nf3 Bb4 7. e5 Nd5 8. Bg5
Qa5 9. Bh4 Nxc3 10. Qc1 Nxa2+ 11. Qd2 Bxd2+ 12. Nxd2 Qxe5+ 13. Be2 Nd4 14. O-O
Nxe2+ 15. Kh1 Qxb2 16. Rfb1 Qd4 17. Nf3 Qd5 18. Rd1 Qc4 19. Ne5 Qxh4 20. Rxa2
Nc3 21. Nf3 Qxf2 22. Re1 Nxa2 23. Ra1 Qxc2 24. Ne1 Qc3 25. Rb1 Qc4 26. Nf3 b6
27. Ne5 Qe4 0-1

[Event "AUTO-OPEN-2068"]
[Site "http://www.queenalice.com/game.php?id=815474"]
[Date "2010.8.9"]
[Round "1"]
[White "JairovJR"]
[Black "MSouza"]
[Result "0-1"]
[WhiteElo "1594"]
[BlackElo "2379"]

1. e4 e6 2. d4 d5 3. exd5 exd5 4. Nf3 Nf6 5. Bd3 Bg4 6. O-O Be7 7. Bg5 O-O 8.
Nbd2 Nbd7 9. c3 c5 10. Qc2 c4 11. Bf5 Bxf5 12. Qxf5 h6 13. Bh4 Re8 14. Rfe1 Nb6
15. Ne5 Qc8 16. Qxc8 Raxc8 17. a4 a5 18. Nf1 Ne4 19. Ne3 Bxh4 0-1

[Event "AUTO-OPEN-2068"]
[Site "http://www.queenalice.com/game.php?id=815475"]
[Date "2010.8.9"]
[Round "1"]
[White "MSouza"]
[Black "JairovJR"]
[Result "1-0"]
[WhiteElo "2386"]
[BlackElo "1594"]

1. e4 c5 2. Nf3 d6 3. d4 cxd4 4. Nxd4 Nf6 5. Nc3 g6 6. Be3 Bg7 7. Bb5+ Nbd7 8.
O-O O-O 9. Qd2 Ne5 10. f3 Bd7 11. Bxd7 Qxd7 12. b3 a6 13. a4 Rac8 14. Rad1 Qc7
15. Nce2 Rfd8 16. c4 Ned7 17. a5 e6 18. Rfe1 Re8 19. Rc1 e5 20. Nc2 1-0

[Event "AUTO-OPEN-2068"]
[Site "http://www.queenalice.com/game.php?id=815476"]
[Date "2010.8.9"]
[Round "1"]
[White "JairovJR"]
[Black "Givanildo"]
[Result "1-0"]
[WhiteElo "1500"]
[BlackElo "1448"]

1. e4 e5 2. f4 Bd6 3. Nf3 exf4 4. d4 Bb4+ 5. c3 Bd6 6. Bc4 c6 7. e5 Bc7 8. Bxf4
h6 9. Qb3 d5 10. exd6 Bxd6 11. Bxd6 Qxd6 12. Bxf7+ Kd8 13. Bxg8 Bg4 14. Ne5 Qe7
15. O-O Bh5 16. Bf7 Bxf7 17. Nxf7+ Ke8 18. Nxh8 Qe3+ 19. Kh1 Kd8 20. Qg8+ Kc7
21. Qf7+ Nd7 22. Ng6 Qd3 23. Ne5 Qxf1+ 24. Qxf1 Rf8 25. Qe1 Re8 26. Na3 c5 27.
Nb5+ Kb8 28. Nxd7+ Kc8 29. Qxe8# 1-0

[Event "AUTO-OPEN-2068"]
[Site "http://www.queenalice.com/game.php?id=815478"]
[Date "2010.8.9"]
[Round "1"]
[White "JairovJR"]
[Black "efreddy"]
[Result "0-1"]
[WhiteElo "1594"]
[BlackElo "2216"]

1. e4 c5 2. Nf3 d6 3. d4 cxd4 4. Nxd4 Nf6 5. Nc3 e6 6. Be3 a6 7. Qd2 b5 8. f3
Nbd7 9. O-O-O Bb7 10. g4 h6 11. h4 b4 12. Nce2 d5 13. exd5 Nxd5 14. Bg2 Ne5 15.
Bf4 Nc4 16. Qd3 Rc8 17. b3 Bd6 18. Bxd6 Nxd6 0-1

[Event "AUTO-OPEN-2068"]
[Site "http://www.queenalice.com/game.php?id=815479"]
[Date "2010.8.9"]
[Round "1"]
[White "efreddy"]
[Black "JairovJR"]
[Result "1-0"]
[WhiteElo "2089"]
[BlackElo "1674"]

1. e4 c5 2. Nf3 d6 3. d4 cxd4 4. Nxd4 Nf6 5. Nc3 g6 6. Be3 Bg7 7. f3 O-O 8. Qd2
Nc6 9. Bc4 Bd7 10. h4 Rc8 11. Bb3 Ne5 12. O-O-O h5 13. Bg5 Rc5 14. f4 Nc4 15.
Qd3 b5 16. e5 Ng4 17. exd6 Rxg5 18. fxg5 Nf2 19. Qe2 Nxd1 20. Rxd1 Nxd6 21.
Ncxb5 Bxd4 22. Nxd4 Bg4 23. Qd3 Bxd1 24. Qxg6+ Kh8 25. Qh6+ Kg8 26. g6 1-0

[Event "AUTO-OPEN-2084"]
[Site "http://www.queenalice.com/game.php?id=824140"]
[Date "2010.8.27"]
[Round "1"]
[White "alesson"]
[Black "JairovJR"]
[Result "1-0"]
[WhiteElo "1744"]
[BlackElo "1566"]

1. e4 c5 2. Nf3 d6 3. c4 Nf6 4. Bd3 Nc6 5. Qa4 Bd7 6. Qb3 Rb8 7. Nc3 a6 8. h3 e6
9. O-O Be7 10. Re1 O-O 11. Qc2 b5 12. cxb5 axb5 13. Bxb5 1-0

[Event "AUTO-OPEN-2084"]
[Site "http://www.queenalice.com/game.php?id=824141"]
[Date "2010.8.27"]
[Round "1"]
[White "JairovJR"]
[Black "alesson"]
[Result "0-1"]
[WhiteElo "1579"]
[BlackElo "1734"]

1. e4 e5 2. Nf3 Bd6 3. Bc4 h6 4. d4 exd4 5. Qxd4 f6 6. Bxg8 Rxg8 7. O-O c5 8.
Qxd6 Qe7 9. Qd5 Rf8 10. Nc3 d6 11. Nb5 a6 12. Nxd6+ Qxd6 0-1

[Event "AUTO-OPEN-2084"]
[Site "http://www.queenalice.com/game.php?id=824180"]
[Date "2010.8.27"]
[Round "1"]
[White "JairovJR"]
[Black "MC"]
[Result "0-1"]
[WhiteElo "1642"]
[BlackElo "1724"]

1. c4 c5 2. Nc3 d6 3. g3 g5 4. d4 e6 5. dxc5 g4 6. Bf4 dxc5 7. Qxd8+ Kxd8 8. h3
gxh3 9. O-O-O+ Nd7 10. Nxh3 h6 11. Bg2 Bg7 0-1

[Event "AUTO-OPEN-2084"]
[Site "http://www.queenalice.com/game.php?id=824181"]
[Date "2010.8.27"]
[Round "1"]
[White "MC"]
[Black "JairovJR"]
[Result "1-0"]
[WhiteElo "1737"]
[BlackElo "1615"]

1. b4 e5 2. b5 g6 3. e4 Bg7 4. Bc4 Ne7 5. Ba3 d6 6. c3 a6 7. Qa4 O-O 8. Bb3 Nd7
9. Nf3 Nb6 10. Qa5 Bd7 11. c4 1-0

[Event "AUTO-INT-1801"]
[Site "http://www.queenalice.com/game.php?id=824245"]
[Date "2010.8.27"]
[Round "1"]
[White "JairovJR"]
[Black "glauco_marcal"]
[Result "0-1"]
[WhiteElo "1527"]
[BlackElo "1378"]

1. d4 d5 2. c4 dxc4 3. a4 Qd5 4. Nc3 Qh5 5. Nf3 Qf5 6. e4 Qe6 7. Ng5 Qf6 8. Bxc4
Nc6 9. e5 Qg6 10. Bxf7+ Qxf7 11. Nxf7 Kxf7 0-1

[Event "AUTO-INT-1801"]
[Site "http://www.queenalice.com/game.php?id=824247"]
[Date "2010.8.27"]
[Round "1"]
[White "JairovJR"]
[Black "FranzMeM"]
[Result "0-1"]
[WhiteElo "1779"]
[BlackElo "1514"]

1. Nf3 d5 2. d4 Nc6 3. c4 Nf6 4. Nc3 e6 5. Bg5 h6 6. Bxf6 Qxf6 7. cxd5 exd5 8.
Nxd5 Bb4+ 9. Nxb4 Nxb4 10. Qa4+ c6 11. Qxb4 b6 12. e3 Be6 13. Be2 Bg4 14. Ne5
Bxe2 15. Kxe2 O-O-O 0-1

[Event "AUTO-INT-1801"]
[Site "http://www.queenalice.com/game.php?id=824248"]
[Date "2010.8.27"]
[Round "1"]
[White "FranzMeM"]
[Black "JairovJR"]
[Result "1-0"]
[WhiteElo "1595"]
[BlackElo "1545"]

1. e4 c5 2. Nf3 d6 3. Nc3 Nf6 4. d3 e6 5. e5 Ng4 6. Bg5 f6 7. exf6 Nxf6 8. d4
Be7 9. dxc5 dxc5 10. Bb5+ Bd7 11. Bxd7+ Qxd7 12. Qxd7+ Nbxd7 13. O-O O-O 14.
Rad1 Rfd8 15. Nb5 Nf8 16. Bxf6 gxf6 17. c4 a6 18. Nc7 Rac8 19. Rxd8 1-0

[Event "AUTO-ADV-1881"]
[Site "http://www.queenalice.com/game.php?id=824292"]
[Date "2010.8.27"]
[Round "1"]
[White "technicaldraw"]
[Black "JairovJR"]
[Result "1-0"]
[WhiteElo "2013"]
[BlackElo "1594"]

1. e4 c5 2. Nf3 d6 3. d4 cxd4 4. Nxd4 Nf6 5. Nc3 a6 6. Bc4 e6 7. Bb3 Be7 8. g4
e5 9. Nf5 Bxf5 10. gxf5 Nbd7 11. Be3 Qa5 12. Bd2 Qc7 13. Qf3 Nc5 14. O-O-O Nxb3+
15. axb3 O-O-O 16. Be3 Kb8 17. Qe2 g6 18. fxg6 1-0

[Event "AUTO-ADV-1881"]
[Site "http://www.queenalice.com/game.php?id=824293"]
[Date "2010.8.27"]
[Round "1"]
[White "JairovJR"]
[Black "technicaldraw"]
[Result "1-0"]
[WhiteElo "1674"]
[BlackElo "2009"]

1. c4 e5 2. Nc3 Nf6 3. Nf3 Nc6 4. g3 Bb4 5. Bg2 O-O 6. O-O e4 7. Ng5 Bxc3 8.
bxc3 Re8 9. f3 e3 10. d3 d5 11. cxd5 Nxd5 12. Qb3 Qxg5 13. f4 Nxf4 14. Rxf4 Na5
15. Qxf7+ 1-0

[Event "AUTO-ADV-1881"]
[Site "http://www.queenalice.com/game.php?id=824308"]
[Date "2010.8.27"]
[Round "1"]
[White "Blutigeroo"]
[Black "JairovJR"]
[Result "1-0"]
[WhiteElo "1845"]
[BlackElo "1662"]

1. Nf3 Nf6 2. g3 g6 3. Bg2 Bg7 4. O-O O-O 5. b3 d5 6. Bb2 c6 7. d3 Bg4 8. Nbd2
Qc8 9. Re1 Bh3 10. e4 dxe4 11. dxe4 Bxg2 12. Kxg2 Nbd7 13. Qe2 Qc7 14. Rad1 Rfd8
15. Nc4 Nh5 16. Bxg7 1-0

[Event "AUTO-ADV-1881"]
[Site "http://www.queenalice.com/game.php?id=824309"]
[Date "2010.8.27"]
[Round "1"]
[White "JairovJR"]
[Black "Blutigeroo"]
[Result "0-1"]
[WhiteElo "1529"]
[BlackElo "1869"]

1. c4 c5 2. Nc3 Nc6 3. Nf3 d6 4. g3 Bg4 5. Bg2 e6 6. O-O Be7 7. b3 Nf6 8. d4
cxd4 9. Nxd4 e5 10. Nxc6 bxc6 11. Bxc6+ Nd7 12. Bxa8 Qxa8 13. Nd5 Bh3 14. Nc7+
Kd8 15. Nxa8 Bxf1 0-1

[Event "AUTO-ADV-1881"]
[Site "http://www.queenalice.com/game.php?id=824320"]
[Date "2010.8.27"]
[Round "1"]
[White "JairovJR"]
[Black "alesson"]
[Result "0-1"]
[WhiteElo "1594"]
[BlackElo "1723"]

1. e4 e5 2. f4 exf4 3. Nf3 Nf6 4. e5 Ne4 5. d4 c5 6. Bxf4 Qa5+ 7. c3 cxd4 8.
Qxd4 Nc5 9. b4 Nb3 10. Qc4 Qa6 11. Qxc8+ Ke7 12. Bxa6 bxa6 0-1

[Event "AUTO-ADV-1881"]
[Site "http://www.queenalice.com/game.php?id=824321"]
[Date "2010.8.27"]
[Round "1"]
[White "alesson"]
[Black "JairovJR"]
[Result "1-0"]
[WhiteElo "1753"]
[BlackElo "1555"]

1. e4 c5 2. c4 Nc6 3. h3 Nf6 4. d3 g6 5. b3 Bg7 6. Bb2 d6 7. Nf3 O-O 8. Nbd2 Nh5
9. Bxg7 Kxg7 10. a4 Be6 11. Ng5 Qa5 12. Be2 1-0